00986nam a2200205 i 450000100060000000300090000600500170001500700030003200800410003510000460007624500960012226000790021830000600029750000740035751000230043165000170045465100700047171000650054185201740060665972ES-MaACL20250912063041.0t|040123s1951 sp ||||1| spa d1 aFuster Casas, José María, d1923-200010aEstudio petrográfico de la Guinea Continental Española / cJosé María Fuster Casas. aMadrid : bInstituto de Estudios Africanos, c1951 (ePamplona :fGómez) a355 p., [150] p. de lám., [1] map. pleg. ; c25 cm. aPrecede al tít.: Consejo Superior de Investigaciones Científicas. aCCPB,c000971780-3 4aPetrología 7aGuinea Ecuatorial-xDescubrimientos y exploraciones-xEspañoles2 aConsejo Superior de Investigaciones Científicas (España) aES-MaACLjD-6398 bR.31911bR.M.5993cSVIfSello en tinta azul de la Biblioteca del Ateneo de MadridgAnotación manuscrita en cubierta: "26"zEn cubierta: "2.ABR.1952"